| 000 | 00954nam a2200229 a 4500 | ||
|---|---|---|---|
| 999 |
_c11216 _d11216 |
||
| 001 | 11217 | ||
| 003 | BD-JhCC | ||
| 005 | 20190806190049.0 | ||
| 008 | 190806s2018 bg a|||| |||| 000 0 ben d | ||
| 020 | _a9840757903 | ||
| 035 | _a(BD-JhCC)11217 | ||
| 040 |
_aBD-JhCC _dBD-JhCC |
||
| 041 | _aben | ||
| 082 |
_a398.1 _bBAN 2018 |
||
| 245 |
_aবাংলা একাডেমী বাংলাদেশের লোকজ সংস্কৃতি গ্রন্থমালা : _bবগুড়া / _cসম্পাদনায় শামসুজ্জামান খান |
||
| 260 |
_aঢাকা : _bবাংলা একাডেমী, _c২০১৮. |
||
| 300 |
_a৪২৪ পৃ. : _bচিত্রাবলী সংযোজিত; _c২২ সেমি. |
||
| 504 | _aগ্রন্থপঞ্জি সংবলিত | ||
| 650 | _aFolklore | ||
| 700 | _aখান, শামসুজ্জামান | ||
| 942 |
_2ddc _cBK |
||